| 000 | 01460 a2200313 4500 | ||
|---|---|---|---|
| 003 | Nust | ||
| 005 | 20170207154039.0 | ||
| 010 | _a 2011276382 | ||
| 020 | _a1449307116 (pbk.) | ||
| 020 | _a9781449307110 (pbk.) | ||
| 035 | _a(OCoLC)ocn727703593 | ||
| 040 | _cNust | ||
| 082 | 0 | 4 | _a519.50285 |
| 100 | 1 | _aDowney, Allen. | |
| 245 | 1 | 0 |
_aThink java (E-BOOK) _cAllen B. Downey. |
| 250 | _a1st ed. | ||
| 260 |
_aSebastopol, CA : _bO'Reilly Media, _c2011. |
||
| 300 |
_axv, 119 p. : _bill. ; _c24 cm. |
||
| 490 | 0 | _aProbability and statistics for programmers | |
| 500 | _aIncludes index. | ||
| 505 | 0 | _a1. Statistical thinking for programmers -- 2. Descriptive statistics -- 3. Cumulative distribution functions -- 4. Continuous distributions -- 5. Probability -- 6. Operations on distributions -- 7. Hypothesis testing -- 8. Estimation -- 9. Correlation | |
| 520 | _aShows you how to perform statistical analysis computationally, rather than mathematically, with programs written in Python -- Back cover. | ||
| 650 | 0 |
_aStatistics _xComputer programs. |
|
| 650 | 0 |
_aStatistics _xStudy and teaching. |
|
| 651 | _aThink java (E-BOOK) | ||
| 856 | 4 | 2 |
_3Contributor biographical information _uhttp://www.loc.gov/catdir/enhancements/fy1205/2011276382-b.html |
| 856 | 4 | 2 |
_3Publisher description _uhttp://www.loc.gov/catdir/enhancements/fy1205/2011276382-d.html |
| 856 | 4 | 2 |
_3Table of contents only _uhttp://www.loc.gov/catdir/enhancements/fy1205/2011276382-t.html |
| 942 |
_2ddc _cBK |
||
| 999 |
_c192509 _d192509 |
||